000 00773nam a2200181Ia 4500
008 090124s9999 xx 000 0 und d
082 _b1355563
100 _aदेशपांडे रेणुकादास गंगधर
245 _a लक्ष्मीनिवास मित्तल
250 _a1
260 _b"बियाणी प्रकाश,माहेश्वरी कमलेश"
_c2008
300 _a112
600 _aदेशपांडे रेणुकादास गंगधर
630 _a लक्ष्मीनिवास मित्तल
700 _aदेशपांडे रेणुकादास गंगधर
730 _a लक्ष्मीनिवास मित्तल
942 _cBOOK
999 _c200674
_d200674